Dibujo de perspectiva (Registro nro. 25488)

Detalles MARC
000 -Cabecera
Campo de control interno 00463nam a22002057a 4500
005 - Fecha y hora del registro
control field 20260424083355.0
008 - Elementos de Longitud Fija
fixed length control field 260424b |||||||| |||| 00| 0 spa d
041 ## - Idioma
Codigo Idioma ESP
082 ## - DEWEY y NOTACIÓN INTERNA
Dewey 742
Notación Interna D72
100 ## - AUTOR
Autor denominación Braunstein, Mercedes
245 ## - TÍTULO DE MATERIAL BIBLIOGRÁFICO
Título Dibujo de perspectiva
260 ## - CIUDAD, EDITORIAL, AÑO
Ciudad :
Nombre de la Editorial ,
Año 2015
300 ## - DESCRIPCIÓN
N° Páginas 127 páginas :
Otros detalles ;
Dimensiones 28 cm.
440 ## - MENCIÓN DE SERIE
Título de la Serie ;
650 ## - TEMAS
Temas Artes Decorativas
654 ## - PROGRAMAS
Programa Dpto. Arquitectura y Urbanismo
700 ## - OTROS AUTORES
Otros autores ;
942 ## - ELEMENTOS DE KOHA
Tipo de documento Libro
Nombre del creador Justo Noguera
Código de catalogador Justo Noguera
Suppress in OPAC No
Esquema de clasificación Dewey Decimal Classification
Existencias
Codigo completo Registro Colección Copia número Disponibilidad Tipo de préstamo Biblioteca Actual Procedencia (Biblioteca) Ubicacón Fecha Ingreso Tipo de Adquisición Date last seen Total checkouts Price effective from Tipo de Item Estado del Material Fuente de Clasificación Damaged status Withdrawn status
742 D72 1068962 Universidad Católica San Pablo 1 Disponible Disponible Víctor Andrés Belaunde Víctor Andrés Belaunde Segundo piso 24/04/2026 Compra 24/04/2026   24/04/2026 Libro Bueno Dewey Decimal Classification